00420nam a2200133 a 450000100100000000500170001000800410002704000250006808200150009324500760010826000440018430000200022850000380024800002809120200930031336.0110406s1960 dr 000 0 spa d aDO-SdBNPbspacBNPHU axxxbC355a00aCastro el anticristo de la sierra maestra :b9 opiniones profesionales. aCiudad Trujillo, :bArte y Cine,c1960. a58 p. ;c22 cm. aIncluye notas al pie de páginas